000 00614nam a2200205Ia 4500
005 20230417101241.0
008 131103s9999 xx 000 0 und d
020 _aSBN 710065957
040 _aLoreto College
041 _aEnglish
082 _a823.508
_bWIL
245 _aNovels and romance
_b 1700 - 1800 : a documentary record
_cedited by Ioan Williams
260 _aLondon
_bRoutledge
_c1970
300 _axi,484 p.
504 _aIncludes bibliographical references and index
650 _aEnglish Fiction - Criticism and Interpretation
700 _aWilliams,Ioan,ed.
850 _aLCLIB
942 _cBK
999 _c5634
_d56113